Statistics for Country Word Search #19

Click here to take the quiz!

General Stats

  • This quiz has been taken 720 times
    (485 since last reset)
  • The average score is 10 of 11

Answer Stats

Country % Correct
Turkey
99%
Panama
98%
Qatar
97%
Yemen
96%
Albania
95%
Palau
94%
Norway
91%
Israel
84%
Kuwait
78%
Kenya
69%
Rwanda
53%

Score Distribution

Percentile by Number Answered

Percent of People with Each Score

Your Score History

You have not taken this quiz since the last reset